000 00409nam a2200181Ia 4500
005 20250423095838.0
008 250422s9999 xx 000 0 und d
020 _a0-03-059183-X
050 _aT 56 .L43/
100 _aSang M. Lee
245 0 _aIntroduction to Science
260 _aNew York
260 _bThe Dryden Press
260 _c1983
300 _a666 p
650 _aManagement
942 _cBK
999 _c31509
_d31509